| 000 | 00490nam a2200181Ia 4500 | ||
|---|---|---|---|
| 005 | 20250320032112.0 | ||
| 008 | 240331s9999 xx 000 0 und d | ||
| 020 | _a955580026X | ||
| 082 |
_bPRE _25587 _a302.2 |
||
| 245 | 4 |
_aStudies on the Press in Sri Lanka _band South Asia |
|
| 260 |
_aKandy, _bThe International Centre for Ethnic Studies _c1997 |
||
| 300 | _aiv, 312 p., | ||
| 650 | _aMedia | ||
| 650 | _aDemocracy | ||
| 650 | _aJournalism | ||
| 700 |
_aPeiris, G. H _eedt |
||
| 942 | _cL | ||
| 999 |
_c1333 _d1333 |
||